Scottish journal of political economy

Saved in:
Bibliographic Details
Format: Serial
Language:English
Published: Glasgow University 1979
Tags: Add Tag
No Tags, Be the first to tag this record!

MARC

LEADER 00000nas2a2200000$$$4500
001 0019398
005 20250730114403.4
041 0 |a eng 
044 |a GB 
245 1 0 |a Scottish journal of political economy 
264 1 |a Glasgow  |b University  |c 1979 
300 |a 1 zv. 
773 0 |w eu_un_cat*0019391